000 01188nam a2200253 4500
001 2162214035926739
003 UA-OsUOA
005 20260427152512.0
008 260427b -ukb|||| |||| 00| fdeng d
020 _a333168860
040 _aUA-OsUOA
_beng
_cUA-OsUOA
_dUA-OsUOA
041 _aeng
080 _a821.111
090 _a821.111
_bH25
100 _aHardy T.
_924986
245 _aJude the Obscure
_cThomas Hardy ; Introduction by Terry Eagleton with Notes by P. N. Furbank
520 _aJude the Obscure is the final completed novel by Thomas Hardy, published in 1895. It tells the tragic story of Jude Fawley, a working-class stonemason who dreams of becoming a scholar at the University of Christminster. However, his ambitions are constantly thwarted by social barriers and his own human weaknesses. The plot follows his disastrous marriage to Arabella Donn and his complex, unconventional relationship with his intellectual cousin, Sue Bridehead.
650 _2UDC
700 1 _aEagleton T.
_925098
700 1 _aFurbank P. N.
_925099
942 _2udc
_cBK
955 _a3
999 _c580565
_d580565